000 00689cam a2200157 4500500
005 20260405085549.0
041 _afre
042 _adc
100 1 0 _aChanquoy, Lucile
_eauthor
700 1 0 _aTricot, André
_eauthor
700 1 0 _aSweller, John
_eauthor
245 0 0 _aLa charge cognitive : Théorie et applications
260 _bArmand Colin,
_c2007.
520 _aQu'est-ce que la charge cognitive ? Les fondements cognitifs des phénomènes liés à la charge cognitive. La théorie de la charge cognitive. Domaines d'applications et mesures de la charge cognitive.
856 4 1 _uhttps://shs.cairn.info/la-charge-cognitive--9782200347246?lang=fr&redirect-ssocas=7080
999 _c2198555
_d2198555